نظرية الإسلام وهديه في السياسة والقانون والدستور / (رقم التسجيلة. 130645)
[ عرض عادي ]
| 000 -الفاتح | |
|---|---|
| عناصر البيانات ثابتة الطول | 00669cam a2200193 i 4500 |
| 005 - تاريخ ووقت آخر معاملة | |
| حقل ضبط | 20251113111532.0 |
| 008 - عناصر البيانات ثابتة الطول | |
| عناصر البيانات ثابتة الطول | 250721s1983 le gr 000 0 ara d |
| 082 14 - رقم تصنيف ديوي العشري | |
| رقم التصنيف | 210 |
| رقم المادة | م و د |
| 100 1# - مدخل رئيسي – اسم شخصي | |
| الاسم الشخصي | المودودي، أبوالأعلى |
| علاقة الشخص بالعمل/ دوره | مؤلف. |
| 245 10 - بيان العنوان | |
| العنوان | نظرية الإسلام وهديه في السياسة والقانون والدستور / |
| بيان المسؤولية | أبو الأعلى المودودي. |
| 264 31 - بيانات النشر، التوزيع…إلخ | |
| مكان النشر، التوزيع...إلخ | بيروت : |
| اسم الناشر، الموزع...إلخ | مؤسسة الرسالة، |
| تاريخ النشر، التوزيع...إلخ | 1983. |
| 300 ## - الوصف المادي | |
| عدد الوحدات المكونة للوعاء | 384صفحة. |
| 650 17 - مدخل إضافي بالموضوع - مصطلح موضوعي | |
| مصطلح موضوعي أو اسم جغرافي كعنصر مدخل | الاسلام. |
| 650 17 - مدخل إضافي بالموضوع - مصطلح موضوعي | |
| مصطلح موضوعي أو اسم جغرافي كعنصر مدخل | السياسة. |
| 650 17 - مدخل إضافي بالموضوع - مصطلح موضوعي | |
| مصطلح موضوعي أو اسم جغرافي كعنصر مدخل | القانون. |
| 650 17 - مدخل إضافي بالموضوع - مصطلح موضوعي | |
| مصطلح موضوعي أو اسم جغرافي كعنصر مدخل | الدستور. |
| 942 ## - بيانات إضافية (كوها) | |
| نوع التنصيف | Dewey Decimal Classification |
| نوع المادة (كوها) | كتب |
| حالة السحب | حالة الفقدان | مصدر التصنيف | حالة التلف | غير قابل للإعارة | المكتبة الرئيسية | المكتبة الحالية | موقع الرف | تاريخ التزويد | الرقم المتسلسل | Total Checkouts | رقم الإستدعاء | الباركود | تاريخ آخر ظهور | تاريخ الفاتورة | نوع المادة (كوها) |
|---|---|---|---|---|---|---|---|---|---|---|---|---|---|---|---|
| Dewey Decimal Classification | المكتبة المركزية | المكتبة المركزية | الإعارة | 28/07/2025 | 1586877 | 210 / م و د | PLD00311120 | 28/07/2025 | 28/07/2025 | كتب |